Guatemala: casos reportados 1980 - 1985 /
Gardado en:
| Autores Corporativos: | , |
|---|---|
| Formato: | Texto |
| Publicado: |
Washington, D.C:
AAAS
|
| Etiquetas: |
Engadir etiqueta
Sen Etiquetas, Sexa o primeiro en etiquetar este rexistro!
|
MARC
| LEADER | 00000 a a2200000 04500 | ||
|---|---|---|---|
| 001 | 24018 | ||
| 003 | |||
| 040 | |||
| 090 | |a 171000 | ||
| 110 | |a Asociación Americana para el Avance de la Ciencia | ||
| 245 | |a Guatemala: casos reportados 1980 - 1985 / |c Asociación Americana para el Avance de la Ciencia | ||
| 260 | |a Washington, D.C: |b AAAS | ||
| 300 | |a 62 p | ||
| 710 | |a Comité de Libertad y Responsabilidad Científica |a Clearinghouse de la AAAS sobre Ciencia y Derechos Humanos | ||
| 999 | |c 17622 |d 17622 | ||
